Statistics for Who am I - Footballers

Click here to take the quiz!

General Stats

  • This quiz has been taken 12 times
  • The average score is 1 of 15

Answer Stats

I've Played with...Answer% Correct
Ronaldinho, Hernan Crespo ,Paulinho, Sergio RamosLionel Messi
100%
Kevin de Bruyne, Marcos Llorente, Gareth Bale, Antonio DonnarummaBrahim Diaz
13%
Fabio Cannavaro, Miroslav Klose, Miranda, Federico FazioAntonio Candreva
0%
Patrick van Aanholt, Carlos Tevez, Kieran Trippier, Wout WeghorstBen Mee
0%
John Arne Riise, Chris Smalling, Clint Dempsey, Emmanuel AdebayorBrede Hangeland
0%
Iago Aspas, Dani Parejo, Luis Suarez, Christian EriksenDaniel Wass
0%
Robert Pires, David Villa, Koke, Radja NainggolanDiego Godin
0%
Adrien Rabiot, Wissam Ben Yedder, Richarlison, Dani ParejoEtienne Capoue
0%
Eric Maxim Chuopo-Moting, Joe Hart, Thomas Müller, Alexandre LacazetteJerome Boateng
0%
Wayne Rooney, Lewis Dunk, Harry Kane, Keylor NavasJessie Lingard
0%
Antonio di Natale, Nathan Aké, Paul Pogba, Stephen El ShaarawyOdion Ighalo
0%
Zlatan Ibrahimovic,Thiago Silva, Samir Nasri, Giorgio ChielliniSalvatore Sirigu
0%
Michael Carrick, Allan McGregor, Alexis Sanchez Lee Grant,Scott McTominay
0%
Ragnar Klavan, Mauro Icardi, Dimitar Berbatov, Ashley YoungSergio Romero
0%
Steven Gerrard, Javier Mascherano, Thierry Henry, Emil KrafthVictor Palsson
0%

Score Distribution

Percentile by Number Answered

Percent of People with Each Score

Your Score History

You have not taken this quiz